ARRUPE JESUIT UNIVERSITY

CORONAVIRUS -STOP THE SPREAD - CLEAN,DISINFECT,COVER

The present and the past : (Record no. 123713)

MARC details
000 -LEADER
fixed length control field 01189cam a2200349 a 4500
001 - CONTROL NUMBER
control field 4470699
003 - CONTROL NUMBER IDENTIFIER
control field ARRUPE
005 - DATE AND TIME OF LATEST TRANSACTION
control field 20151104090629.0
008 - FIXED-LENGTH DATA ELEMENTS--GENERAL INFORMATION
fixed length control field 900104s1989 pau b 000 0 eng
010 ## - LIBRARY OF CONGRESS CONTROL NUMBER
LC control number 89016056
020 ## - INTERNATIONAL STANDARD BOOK NUMBER
International Standard Book Number 155635004X (pbk.)
035 ## - SYSTEM CONTROL NUMBER
System control number (OCoLC)20012090
035 ## - SYSTEM CONTROL NUMBER
System control number (OCoLC)ocm20012090
035 ## - SYSTEM CONTROL NUMBER
System control number (NNC)4470699
040 ## - CATALOGING SOURCE
Modifying agency NNUT
Transcribing agency Arrupe
050 0# - LIBRARY OF CONGRESS CALL NUMBER
Classification number BV4509.5
Item number .G5 1989
090 ## - LOCALLY ASSIGNED LC-TYPE CALL NUMBER (OCLC); LOCAL CALL NUMBER (OCLC)
Classification number (OCLC) (R) ; Classification number, CALL (RLIN) (NR) BV4509.5
Local cutter number (OCLC) ; Book number/undivided call number, CALL (RLIN) .G5 1989
300 ## - PHYSICAL DESCRIPTION
Dimensions 22 cm.
100 1# - MAIN ENTRY--PERSONAL NAME
Personal name Ginn, Richard.
9 (RLIN) 20843
245 14 - TITLE STATEMENT
Title The present and the past :
Remainder of title a study of anamnesis /
Statement of responsibility, etc by Richard J. Ginn.
260 ## - PUBLICATION, DISTRIBUTION, ETC. (IMPRINT)
Place of publication, distribution, etc Allison Park, Pa. :
Name of publisher, distributor, etc Pickwick Publications,
Date of publication, distribution, etc 1989.
300 ## - PHYSICAL DESCRIPTION
Extent 92 p. ;
490 1# - SERIES STATEMENT
Series statement Princeton theological monograph series ;
Volume number/sequential designation 20
504 ## - BIBLIOGRAPHY, ETC. NOTE
Bibliography, etc Bibliography: p. [87]-92.
650 #0 - SUBJECT ADDED ENTRY--TOPICAL TERM
Topical term or geographic name as entry element Recollection (Theology)
9 (RLIN) 20844
650 #0 - SUBJECT ADDED ENTRY--TOPICAL TERM
Topical term or geographic name as entry element Recollection (Psychology)
General subdivision Biblical teaching.
9 (RLIN) 20845
650 #0 - SUBJECT ADDED ENTRY--TOPICAL TERM
Topical term or geographic name as entry element History
General subdivision Religious aspects
-- Christianity
-- Biblical teaching.
9 (RLIN) 20846
650 #0 - SUBJECT ADDED ENTRY--TOPICAL TERM
Topical term or geographic name as entry element History
General subdivision Religious aspects
-- Christianity.
9 (RLIN) 1764
650 #0 - SUBJECT ADDED ENTRY--TOPICAL TERM
Topical term or geographic name as entry element History
General subdivision Philosophy.
9 (RLIN) 20847
830 #0 - SERIES ADDED ENTRY--UNIFORM TITLE
Uniform title Princeton theological monograph series ;
Volume number/sequential designation 20.
9 (RLIN) 20848
942 ## - ADDED ENTRY ELEMENTS (KOHA)
Source of classification or shelving scheme Library of Congress Classification
Koha item type Monograph ( Printed materials)
Holdings
Withdrawn status Lost status Source of classification or shelving scheme Damaged status Not for loan Collection code Home library Current library Shelving location Date acquired Total Checkouts Full call number Barcode Date last seen Price effective from Koha item type
    Library of Congress Classification     Main Collection ARRUPE LIBRARY ARRUPE LIBRARY Main Collection 04/11/2015   BV4509.5 .O5 1989 46500005354 24/01/2017 04/11/2015 Monograph ( Printed materials)

 

Arrupe Library. PO Box MP320 Mt Pleasant, Harare, Zimbabwe
263 242 745411|librarian@aju.ac.zw